000
00293nam a2200109Ia 4500
008
230907s9999||||xx |||||||||||||| ||und||
082
_a
660.2832
_b
JAK
100
_a
Jakobsen, Hugo A.,
_9
115217
245
0
_a
Chemical reactor modeling :
300
_a
2 volumes (lxix, 1535 pages) :
942
_c
BK
999
_c
597879
_d
597879